Statistiques concernant Quiz Top 14 saison 2022-2023.

Cliquez ici pour prendre le quiz!

Statistiques générales

  • Ce quiz a été pris 79 fois
    (64 depuis la dernière actualisation)
  • Le résultat moyen est 7 sur 9

Statistiques - réponses

QuestionRéponse% Correct
Quel club est sacré champion à la fin de la saison?Stade toulousain
96%
Quel club a échoué en finale?Stade rochelais
93%
Quel club descend en ProD2?CA Brive
89%
Quel club est monté de ProD2 en début saison?Aviron bayonnais
82%
Quel est le tenant du titre au début de la compétition?Montpellier HR
82%
En quelle année la finale avait déjà opposé ces deux clubs?2021
75%
Dans quelle ville étrangère se sont déroulées les demies finales du championnat?Saint Sébastien
75%
Quel est le meilleur marqueur d'essais de la compétition? (14 essais)Emilien Gailleton (Section paloise)
63%
Quel joueur a inscrit le plus de point? (241 points)Finn Russell (Racing 92)
14%

Distribution des résultats

Percentile par nombre de réponses

% des personnes avec chaque résultat

Votre développement - résultats

Vous n’avez pas pris ce quiz depuis la dernière actualisation